000
00258nam a22001217a 4500
008
181101b xxu||||| |||| 00| 0 eng d
041
_a
eng
080
_a
370
100
_a
48
101
_a
edu
245
_a
Essys On Education
_c
herbert.S
942
_2
udc
_c
BK
999
_c
51489
_d
51489